000 00732nam a2200289Ia 4500
005 20260324131221.0
008 008 260324s9999 xx 000 0 eng d
020 _a9781410617002
037 _aEBOOK
040 _aCRL
040 _beng
040 _cCRL
041 _2eng
041 _aeng
084 _qCRL
100 _aJohn R. Baldwin; Sheryl L. Lindsley; Michael L. Hecht; Sandra L. Faulkner
_91184669
245 0 _aRedefining Culture
245 0 _bPerspectives Across the Disciplines
260 _bTaylor and Francis
260 _c2006
365 _a
365 _b230
856 _uhttp://www.taylorfrancis.com/books/9781410617002
942 _cEBOOK
999 _c1781626
_d1781626